LEADER 02396oam 2200673I 450 001 9910452441603321 005 20200520144314.0 010 $a1-138-96414-X 010 $a1-315-05480-9 010 $a1-135-72618-3 024 7 $a10.4324/9781315054803 035 $a(CKB)2550000001128487 035 $a(EBL)1461066 035 $a(OCoLC)870591072 035 $a(SSID)ssj0001003181 035 $a(PQKBManifestationID)12458355 035 $a(PQKBTitleCode)TC0001003181 035 $a(PQKBWorkID)11016292 035 $a(PQKB)11076229 035 $a(MiAaPQ)EBC1461066 035 $a(Au-PeEL)EBL1461066 035 $a(CaPaEBR)ebr10781167 035 $a(CaONFJC)MIL529121 035 $a(OCoLC)860711538 035 $a(EXLCZ)992550000001128487 100 $a20180706d2002 uy 0 101 0 $aeng 135 $aur|n|---||||| 181 $ctxt 182 $cc 183 $acr 200 10$aAuditory representations in phonology /$fEdward S. Flemming 210 1$aNew York :$cRoutledge,$d2002. 215 $a1 online resource (184 p.) 225 1 $aOutstanding dissertations in linguistics 225 0$aOutstanding dissertations in linguistics 300 $aRevision of the author's thesis (doctoral)--UCLA, 1995. 311 $a0-8153-4041-9 311 $a1-299-97870-3 320 $aIncludes bibliographical references (pages 157-168) and index. 327 $a1. Introduction -- 2. The dispersion theory of contrast -- 3. Ways of maximizing distinctiveness -- 4. Consonant-vowel assimilation -- 5. Neutralization -- 6. Minimization of allomorphy -- 7. Conclusions. 330 $aThis book provides evidence for the importance of auditory properties of speech sounds in phonology. 410 0$aOutstanding Dissertations in Linguistics 606 $aGrammar, Comparative and general$xPhonology 606 $aDistinctive features (Linguistics) 606 $aOpposition (Linguistics) 608 $aElectronic books. 615 0$aGrammar, Comparative and general$xPhonology. 615 0$aDistinctive features (Linguistics) 615 0$aOpposition (Linguistics) 676 $a414 700 $aFlemming$b Edward Stanton$f1968-,$0855444 801 0$bMiAaPQ 801 1$bMiAaPQ 801 2$bMiAaPQ 906 $aBOOK 912 $a9910452441603321 996 $aAuditory representations in phonology$91909716 997 $aUNINA LEADER 01764nam 2200481 450 001 9910826214803321 005 20200520144314.0 010 $a1-4232-1887-6 035 $a(CKB)3710000001404197 035 $a(MiAaPQ)EBC4877135 035 $a(Au-PeEL)EBL4877135 035 $a(CaPaEBR)ebr11397776 035 $a(OCoLC)990426043 035 $a(BIP)037653800 035 $a(EXLCZ)993710000001404197 100 $a20190124d2013 uy 0 101 0 $aeng 135 $aurcnu|||||||| 181 $ctxt$2rdacontent 182 $cc$2rdamedia 183 $acr$2rdacarrier 200 00$aHtml5 210 1$a[Place of publication not identified] :$cBarCharts, Inc.,$d[2013] 215 $a1 online resource (6 pages) 225 1 $aQuick Study Computer 311 $a1-4232-1869-8 330 8 $aIf you are at all familiar with HTML, chances are you want to know more about the cutting-edge digital development toolbox, HTML5. Whether you are building your knowledge base from scratch or you are a seasoned user of HTML, this guide will be an excellent reference source to learn more about the changes and additions to HTML that will be affecting a browser near you! 410 0$aQuickStudy computer. 606 $aHTML (Document markup language)$xExaminations$vStudy guides 606 $aWeb site development$xExaminations$vStudy guides 610 $aHTML (DOCUMENT MARKUP LANGUAGE) 610 $aCOMPUTERS 615 0$aHTML (Document markup language)$xExaminations 615 0$aWeb site development$xExaminations 676 $a006.74 700 $aNixon$b Robin$0619192 801 0$bMiAaPQ 801 1$bMiAaPQ 801 2$bMiAaPQ 906 $aBOOK 912 $a9910826214803321 996 $aHtml5$93958231 997 $aUNINA